NHL Players with letter Z in their last names - Statistics

General Stats
  • This quiz has been taken 44 times
  • The average score is 17 of 42
Answer Stats
First last name letter + letter Z position Team from 2022-23 season Answer % Correct
Z _ _ _ _ _ ANA Trevor Zegras
79%
B _ _ _ _ z z _ DET/BOS Tyler Bertuzzi
77%
K _ z _ _ _ _ _ _ WAS Evgeny Kuznetsov
67%
Z _ _ _ _ _ _ _ _ NYR Mika Zibanejad
64%
M _ z z _ _ TOR Jake Muzzin
62%
H _ _ _ z DAL Roope Hintz
62%
Z _ _ OTT Artem Zub
59%
Z _ _ _ _ NJD/BOS Pavel Zacha
56%
K _ z _ _ _ _ _ VAN Andrei Kuzmenko
54%
C _ z _ _ _ _ NYI Casey Cizikas
54%
K _ _ _ _ z _ _ MIN Kirill Kaprizov
54%
B _ _ _ _ z z _ STL Robert Bortuzzo
54%
P _ z z _ _ _ _ MTL Michael Pezzetta
51%
B _ _ z _ _ NYI Mathew Barzal
49%
S _ z _ _ _ MTL Nick Suzuki
49%
M _ _ _ _ _ _ z VGK Alec Martinez
46%
C _ z _ _ _ BUF Dylan Cozens
46%
Z _ _ _ _ _ _ _ _ _ MIN Mats Zuccarello
46%
L _ z _ _ VAN/NJD Curtis Lazar
44%
Z _ _ _ _ _ PIT Jason Zucker
44%
D _ _ z _ LAK Sean Durzi
41%
S _ _ _ _ _ _ z SEA Jaden Schwartz
38%
G _ _ _ _ z _ _ PIT Jake Guentzel
38%
A _ _ _ z z _ _ _ TOR Nick Abruzzese
36%
Z _ _ _ _ _ _ _ _ _ SJS/NJD Fabian Zetterlund
33%
Z _ _ _ _ _ DET Filip Zadina
33%
Z _ _ _ _ _ BOS Jakub Zboril
33%
M _ _ z _ _ _ _ _ _ CBJ Elvis Merzlikins
31%
S _ _ _ _ _ z SEA Justin Schultz
31%
Z _ _ _ _ _ _ CAL Nikita Zadorov
31%
L _ _ z _ _ NAS Jeremy Lauzon
28%
G _ z _ _ _ _ _ BOS Matt Grzelcyk
28%
M _ _ z _ _ CHI Petr Mrazek
26%
H _ _ _ _ _ _ _ z _ BUF Vinny Hinostroza
26%
S _ _ _ _ _ z ANA Anthony Stolarz
23%
S _ _ _ _ _ _ z ARI Nick Schmaltz
23%
S _ _ _ z _ _ OTT Tim Stutzle
23%
F _ _ z _ _ _ _ _ _ BUF/FLA Casey Fitzgerald
21%
Z _ _ _ _ _ _ OTT/CHI Nikita Zaitsev
21%
B _ _ z _ _ _ MTL Alex Belzile
18%
P _ _ _ _ _ z _ _ VAN Vasili Podkolzin
13%
L _ _ z _ _ _ _ _ PHI Tanner Laczynski
5%
No matching quizzes found
Score Distribution
Percent of People with Each Score
Percentile by Number Answered
Your Score History
You have not taken this quiz